000 01987nam a22002537a 4500
003 Uzh_bibl
008 260427b |||||||| |||| 00| 0 ukr d
020 _a978-966-03-7358-7
_c85.00
040 _bукр.
041 _2ukr
_aukr
080 _a821(477)
090 _a821(477)
_bП 52
100 _aПоложій, Євген
245 _aІловайськ
_cхуд.-оформ. В.А. Боднар.
_hТекст
260 _aХарків
_bФоліо
_c2016
300 _a378 с.
_fВ опр.
520 _aЄвген Положій (м. Суми), 47 років - відомий журналіст і письменник. У видавництві "Фоліо" вийшли його романи "Потяг", "Мері та її аеропорт", "Дядечко на ім'я Бог", "Вежі мовчання", "Юрій Юрійович, улюблинець жінок", "Риб'ячі діти". "Іловайськ" - книга про мужність неймовірний героїзм і людяність українських солдат і офіцерів, бійців добровольчих батальйонів, батальйонів тероборони, всіх тих, хто опиняється в кінці серпня 2014 року в "Іловайському котлі", що став найбільшою поразкою української армії в ході війни на сході. Це чесна книга про війну, яка, як відомо, нікого ще не зробила краще, натомість, серед крові, вогню та заліза люди залишаються людьми
521 _aДля широкого кола читачів
546 _aукр.
650 _aЛітературно-художнє видання
653 _aМайдан
_aВійна
_aІловайськ
655 _aПроза
_vРоман
_y21ст. Україна
942 _2udc
_cBK
999 _c17531
_d17531